[Event "Nordhausen op 8th"]
[Site "Nordhausen"]
[Date "2008.08.01"]
[Round "4.6"]
[White "Dettmann, Gerd"]
[Black "Horatschek, Peter"]
[Result "1/2-1/2"]
[WhiteElo "2191"]
[BlackElo "1795"]
[PlyCount "62"]
[EventDate "2008.07.31"]
[EventType "swiss"]
[EventRounds "7"]
[EventCountry "GER"]
[SourceTitle "EXT 2019"]
[Source "ChessBase"]
[SourceDate "2018.10.10"]
[SourceVersion "1"]
[SourceVersionDate "2018.10.10"]
[SourceQuality "1"]

1. e4 c6 2. d4 d5 3. exd5 cxd5 4. Bd3 Nc6 5. c3 Qc7 6. Ne2 e6 7. Bf4 Bd6 8. Bxd6 Qxd6 9. f4 Nf6 10. Nd2 Bd7 11. Nf3 Ne4 12. Qc2 f5 13. Ne5 Rc8 14. Bxe4 dxe4 15. Qd2 0-0 16. 0-0 Rc7 17. Rfd1 Ne7 18. c4 b6 19. b4 Ba4 20. Rdc1 a6 21. Qb2 Rd8 22. c5 bxc5 23. dxc5 Qd5 24. Nc3 Qd4+ 25. Kh1 e3 26. Nxa4 Qxf4 27. Nf3 Rcd7 28. Nc3 Rd2 29. Nxd2 Rxd2 30. Qb3 Rxg2 31. Qxe6+ Kh8 1/2-1/2

[Event "Friedrichroda op 11th"]
[Site "Friedrichroda"]
[Date "2007.08.11"]
[Round "5"]
[White "Horatschek, Peter"]
[Black "Bruening, Wolfgang"]
[Result "0-1"]
[WhiteElo "1765"]
[BlackElo "2016"]
[PlyCount "62"]
[EventDate "2007.08.08"]
[EventType "swiss"]
[EventRounds "7"]
[EventCountry "GER"]
[SourceTitle "CBM 120 Extra"]
[Source "ChessBase"]
[SourceDate "2007.11.01"]
[SourceVersion "1"]
[SourceVersionDate "2007.11.01"]
[SourceQuality "1"]

1. Nf3 Nf6 2. g3 c5 3. c4 b6 4. Bg2 Bb7 5. 0-0 e6 6. Nc3 a6 7. d4 cxd4 8. Nxd4 Bxg2 9. Kxg2 Qc7 10. Qd3 Nc6 11. Qf3 Rc8 12. Nxc6 Qxc6 13. Qxc6 Rxc6 14. b3 b5 15. Rb1 bxc4 16. bxc4 Bd6 17. Rd1 Ke7 18. e4 Rxc4 19. e5 Bxe5 20. Ba3+ Kd8 21. f4 Bxc3 22. Rb8+ Rc8 23. Rdb1 d5 24. R1b7 Nd7 25. Rxc8+ Kxc8 26. Ra7 Bd4 27. Rxa6 Kb7 28. Ra4 Bb6 29. Bd6 Ra8 30. Rb4 Rxa2+ 31. Kh3 Kc6 0-1

[Event "Friedrichroda op 11th"]
[Site "Friedrichroda"]
[Date "2007.08.09"]
[Round "3"]
[White "Horatschek, Peter"]
[Black "Lehmann, Peter"]
[Result "1/2-1/2"]
[WhiteElo "1765"]
[BlackElo "2018"]
[PlyCount "41"]
[EventDate "2007.08.08"]
[EventType "swiss"]
[EventRounds "7"]
[EventCountry "GER"]
[SourceTitle "CBM 120 Extra"]
[Source "ChessBase"]
[SourceDate "2007.11.01"]
[SourceVersion "1"]
[SourceVersionDate "2007.11.01"]
[SourceQuality "1"]

1. Nf3 d5 2. c4 e6 3. g3 c6 4. Bg2 Be7 5. 0-0 Nf6 6. d4 Ne4 7. Nbd2 f5 8. b3 0-0 9. Bb2 Nd7 10. Ne1 Ndf6 11. f3 Nd6 12. Nd3 Bd7 13. Qc2 Be8 14. Rae1 Bg6 15. Ne5 Qe8 16. a4 Rd8 17. c5 Nc8 18. b4 Nd7 19. Nxd7 Qxd7 20. f4 Bf6 21. e3 1/2-1/2

[Event "Jena Schwarzer Baer op"]
[Site "Jena"]
[Date "2007.02.04"]
[Round "3"]
[White "Weiss, Karl Heinz"]
[Black "Horatschek, Peter"]
[Result "0-1"]
[WhiteElo "1626"]
[BlackElo "1762"]
[PlyCount "106"]
[EventDate "2007.02.03"]
[EventType "swiss"]
[EventRounds "7"]
[EventCountry "GER"]
[SourceTitle "EXT 2008"]
[Source "ChessBase"]
[SourceDate "2007.11.25"]
[SourceVersion "1"]
[SourceVersionDate "2007.11.25"]
[SourceQuality "1"]

1. e4 c6 2. Nf3 d5 3. exd5 cxd5 4. Bb5+ Bd7 5. Bxd7+ Nxd7 6. d4 e6 7. 0-0 Ngf6 8. Re1 Qc7 9. h3 Rc8 10. c3 Ne4 11. Nbd2 Ndf6 12. Nxe4 Nxe4 13. Ng5 Nf6 14. Nf3 h6 15. Ne5 Bd6 16. Qa4+ Ke7 17. Nf3 Ne4 18. Be3 a6 19. Nd2 Bh2+ 20. Kf1 Ng5 21. Bxg5+ hxg5 22. Nf3 g4 23. hxg4 b5 24. Qd1 Bf4 25. Qd3 Rh1+ 26. Ke2 Rh6 27. Rh1 Rch8 28. Rxh6 Rxh6 29. g3 Bxg3 30. Rg1 Bd6 31. b3 Rh3 32. Qc2 Bf4 33. Qb2 Qa5 34. a4 Qc7 35. axb5 axb5 36. Qa3+ Bd6 37. Qc1 Bf4 38. Qa3+ Bd6 39. Qc1 f6 40. g5 Bf4 41. gxf6+ Kxf6 42. Qc2 g5 43. Rd1 g4 44. Ne5 Bxe5 45. Rd3 Bxd4 46. Rxd4 Qe5+ 47. Kd2 Qg5+ 48. Ke2 Qe5+ 49. Kd2 Rh2 50. Kc1 Qe1+ 51. Rd1 Qxf2 52. Rd2 Qe1+ 53. Qd1 Qxd1+ 0-1

[Event "Jena Schwarzer Baer op"]
[Site "Jena"]
[Date "2007.02.03"]
[Round "2"]
[White "Horatschek, Peter"]
[Black "Thinius, Marco"]
[Result "0-1"]
[WhiteElo "1762"]
[BlackElo "2365"]
[PlyCount "54"]
[EventDate "2007.02.03"]
[EventType "swiss"]
[EventRounds "7"]
[EventCountry "GER"]
[SourceTitle "EXT 2008"]
[Source "ChessBase"]
[SourceDate "2007.11.25"]
[SourceVersion "1"]
[SourceVersionDate "2007.11.25"]
[SourceQuality "1"]

1. Nf3 b6 2. d4 Bb7 3. c4 e6 4. g3 Bb4+ 5. Bd2 Bxf3 6. exf3 Bxd2+ 7. Qxd2 Ne7 8. Bg2 d5 9. c5 Nbc6 10. Na3 Nf5 11. cxb6 cxb6 12. Nc2 Qf6 13. Rd1 0-0 14. 0-0 Rac8 15. Bh3 Nd6 16. Qe2 Rc7 17. Rd3 Rfc8 18. Rfd1 Nc4 19. Ne3 Nxe3 20. fxe3 Nb4 21. Ra3 Rc2 22. Rd2 g6 23. f4 Qe7 24. e4 Rxd2 25. Qxd2 dxe4 26. Ra4 a5 27. d5 Qc5+ 0-1

[Event "Gotha op 8th"]
[Site "Gotha"]
[Date "2006.11.15"]
[Round "6"]
[White "Horatschek, Peter"]
[Black "Fritsch, Wolfgang"]
[Result "1/2-1/2"]
[WhiteElo "1763"]
[BlackElo "1969"]
[PlyCount "40"]
[EventDate "2006.11.13"]
[EventType "swiss"]
[EventRounds "9"]
[EventCountry "GER"]
[SourceTitle "EXT 2008"]
[Source "ChessBase"]
[SourceDate "2007.11.25"]
[SourceVersion "1"]
[SourceVersionDate "2007.11.25"]
[SourceQuality "1"]

1. Nf3 Nf6 2. g3 d5 3. d4 e6 4. Bg2 c5 5. 0-0 Nc6 6. c4 dxc4 7. dxc5 Qxd1 8. Rxd1 Bxc5 9. Nbd2 0-0 10. Nxc4 Ng4 11. e3 Rd8 12. Bd2 Bd7 13. Bc3 Be8 14. Nfe5 Ngxe5 15. Nxe5 Rxd1+ 16. Rxd1 Rd8 17. Rxd8 Nxd8 18. Kf1 f6 19. Nd3 Bd6 20. Ke2 Kf7 1/2-1/2

[Event "Hoeckendorf op"]
[Site "Hoeckendorf"]
[Date "2004.02.03"]
[Round "5"]
[White "Horatschek, Peter"]
[Black "Fischer, Gerd"]
[Result "1/2-1/2"]
[WhiteElo "1693"]
[BlackElo "2147"]
[PlyCount "21"]
[EventDate "2004.01.30"]
[EventType "swiss"]
[EventRounds "9"]
[EventCountry "GER"]
[SourceTitle "EXT 2008"]
[Source "ChessBase"]
[SourceDate "2007.11.25"]
[SourceVersion "1"]
[SourceVersionDate "2007.11.25"]
[SourceQuality "1"]

1. e4 e6 2. d4 d5 3. exd5 Qxd5 4. Nc3 Qd6 5. Nf3 Nf6 6. Bg5 Be7 7. Bc4 Nbd7 8. 0-0 Nb6 9. Bb3 Bd7 10. Re1 0-0 11. Qd2 1/2-1/2

[Event "DESC D0153 email"]
[Site "DESC email"]
[Date "2002.03.24"]
[Round "1"]
[White "Horatschek, Peter"]
[Black "Janocha, Alfred"]
[Result "1-0"]
[WhiteElo "1599"]
[BlackElo "1458"]
[PlyCount "37"]
[EventDate "2002.??.??"]
[EventType "tourn (corr)"]
[EventRounds "4"]
[EventCountry "GER"]
[SourceTitle "Corr 2004"]
[Source "ChessBase"]
[SourceDate "2003.04.28"]
[SourceVersion "3"]
[SourceVersionDate "2003.04.28"]
[SourceQuality "1"]

1. e4 e5 2. Nf3 Nc6 3. d4 d6 4. dxe5 Nxe5 5. Nxe5 dxe5 6. Qxd8+ Kxd8 7. Bc4 f6 8. 0-0 Ne7 9. Bf7 Bd7 10. Nc3 c6 11. Rd1 Kc7 12. Be3 a6 13. Rd3 f5 14. Rad1 Rd8 15. Be6 f4 16. Rxd7+ Rxd7 17. Rxd7+ Kb8 18. Bb6 Nc8 19. Rd8 1-0

[Event "DESC D0153 email"]
[Site "DESC email"]
[Date "2002.03.24"]
[Round "1"]
[White "Janocha, Alfred"]
[Black "Horatschek, Peter"]
[Result "0-1"]
[WhiteElo "1458"]
[BlackElo "1599"]
[PlyCount "69"]
[EventDate "2002.??.??"]
[EventType "tourn (corr)"]
[EventRounds "4"]
[EventCountry "GER"]
[SourceTitle "Corr 2004"]
[Source "ChessBase"]
[SourceDate "2003.04.28"]
[SourceVersion "3"]
[SourceVersionDate "2003.04.28"]
[SourceQuality "1"]

1. d4 d5 2. Nc3 Nf6 3. Nf3 Nc6 4. e3 Bg4 5. Be2 e6 6. Ne5 Bxe2 7. Qxe2 Bd6 8. Nxc6 bxc6 9. 0-0 c5 10. Qb5+ Nd7 11. dxc5 Bxc5 12. Na4 Bb6 13. Re1 0-0 14. Qe2 Nc5 15. Nxc5 Bxc5 16. h3 Qf6 17. c3 Rab8 18. a3 Qe5 19. f4 Qxf4 20. Kh1 Qg3 21. Bd2 Bd6 22. Kg1 Qh2+ 23. Kf2 Bg3+ 24. Kf3 Bxe1 25. Bxe1 Qe5 26. Bg3 Qf5+ 27. Bf4 Qh5+ 28. Kf2 Qxe2+ 29. Kxe2 Rxb2+ 30. Kf3 c6 31. Bd6 Rd8 32. Bb4 Rc8 33. a4 c5 34. Ba3 Rb3 35. c4 0-1

[Event "DESC SE075 email"]
[Site "DESC email"]
[Date "2002.??.??"]
[Round "?"]
[White "Freytag, Walter"]
[Black "Horatschek, Peter"]
[Result "1-0"]
[WhiteElo "2030"]
[BlackElo "1642"]
[PlyCount "43"]
[EventDate "2002.??.??"]
[EventType "tourn (corr)"]
[EventRounds "6"]
[EventCountry "GER"]
[SourceTitle "Corr 2004"]
[Source "ChessBase"]
[SourceDate "2003.04.28"]
[SourceVersion "3"]
[SourceVersionDate "2003.04.28"]
[SourceQuality "1"]

1. d4 d5 2. c4 c6 3. e3 Nf6 4. Nc3 e6 5. Nf3 Nbd7 6. Qc2 Be7 7. Bd3 0-0 8. 0-0 b6 9. e4 Bb7 10. e5 dxc4 11. exf6 cxd3 12. fxe7 dxc2 13. exd8Q Raxd8 14. Be3 Nf6 15. Rac1 Ba6 16. Rfe1 Nd5 17. Nxd5 cxd5 18. Rxc2 Bc4 19. b3 Bd3 20. Rc7 a6 21. Ne5 Bf5 22. Nd7 1-0